Diary of a girl in Changi 1941-45

Bibliographic Details
Main Author: Allan, Sheila
Format: Book
Published: Australia : Kangaroo Press , 1994
Subjects:

MARC

LEADER 00000cam a2200000 7i4500
001 0000004327
002 000004649
005 20000330.0
020 |a 0864176198 
090 0 0 |a 920   |b ALL 
100 1 |a Allan, Sheila 
245 1 0 |a Diary of a girl in Changi 1941-45   |c Sheila Allan 
260 |a Australia :   |b Kangaroo Press ,   |c 1994 
300 |a 168p. ;   |c 22cm. 
650 0 0 |a Allan, Sheila   |x Autobiographies 
999 |a 037375   |b BUKU   |c PINJAMAN   |e PERPUSTAKAAN KOMUNITI PETALING JAYA